[Event "BAN-ch rapid"]
[Site "Sheik"]
[Date "2023.02.25"]
[Round "6"]
[White "Mohammed, Shaker Ullah"]
[Black "Md, Sadik"]
[Result "0-1"]
[WhiteElo "1848"]
[BlackElo "1646"]
[PlyCount "36"]
[EventDate "2023.02.25"]
[EventType "swiss (rapid)"]
[EventRounds "7"]
[EventCountry "BAN"]
[SourceTitle "EXT 2024"]
[Source "ChessBase"]
[SourceDate "2023.10.10"]
[SourceVersion "1"]
[SourceVersionDate "2023.10.10"]
[SourceQuality "1"]

1. d4 d5 2. c4 e6 3. Nc3 Nf6 4. Bg5 Nbd7 5. cxd5 exd5 6. Nxd5 Nxd5 7. Bxd8 Bb4+ 8. Qd2 Bxd2+ 9. Kxd2 Kxd8 10. e4 N5f6 11. e5 Nd5 12. Bc4 c6 13. Nf3 N7b6 14. Bb3 h6 15. Rae1 Be6 16. Bc2 Nb4 17. Rc1 Nxa2 18. Rce1 Nb4 0-1

[Event "BAN-chT2"]
[Site "Dhaka"]
[Date "2022.07.26"]
[Round "9.3"]
[White "Rubel, Hossen"]
[Black "Mohammed, Shaker Ullah"]
[Result "1-0"]
[WhiteElo "1789"]
[BlackElo "1870"]
[PlyCount "48"]
[EventDate "2022.07.18"]
[EventType "team-swiss"]
[EventRounds "9"]
[EventCountry "BAN"]
[SourceTitle "EXT 2023"]
[Source "ChessBase"]
[SourceDate "2022.10.05"]
[SourceVersion "1"]
[SourceVersionDate "2022.10.05"]
[SourceQuality "1"]
[WhiteTeam "Nurul Islam Smrity Pathagar"]
[BlackTeam "Desh Seba Krira Chakra"]
[WhiteTeamCountry "BAN"]
[BlackTeamCountry "BAN"]

1. d4 d5 2. Nf3 Nf6 3. Bf4 e6 4. e3 Bd6 5. Bg3 Ne4 6. Bd3 Nxg3 7. hxg3 h6 8. Ne5 Nd7 9. f4 Nxe5 10. dxe5 Bc5 11. Qg4 g6 12. Ke2 Qe7 13. Nd2 Bd7 14. c3 0-0-0 15. a4 a5 16. Rhb1 g5 17. b4 axb4 18. cxb4 Bxb4 19. a5 Bc6 20. a6 bxa6 21. Rxa6 Kd7 22. f5 Bxd2 23. Rxc6 Rb8 24. Qa4 Rb4 1-0

[Event "Dhaka Chowdhury Memorial op-B 2nd"]
[Site "Dhaka"]
[Date "2022.07.03"]
[Round "2"]
[White "Ekramuzzaman"]
[Black "Mohammed, Shaker Ullah"]
[Result "0-1"]
[WhiteElo "1695"]
[BlackElo "1870"]
[PlyCount "138"]
[EventDate "2022.07.02"]
[EventType "swiss"]
[EventRounds "9"]
[EventCountry "BAN"]
[SourceTitle "EXT 2023"]
[Source "ChessBase"]
[SourceDate "2022.10.05"]
[SourceVersion "1"]
[SourceVersionDate "2022.10.05"]
[SourceQuality "1"]

1. d4 d5 2. Nf3 c6 3. Bf4 Nf6 4. h3 e6 5. e3 Bd6 6. Bxd6 Qxd6 7. Nbd2 Nbd7 8. c4 b6 9. a3 c5 10. cxd5 exd5 11. Bb5 0-0 12. 0-0 a6 13. Bxd7 Nxd7 14. dxc5 bxc5 15. Rc1 Bb7 16. Qc2 Rac8 17. Rfd1 Qf6 18. b3 Ne5 19. Nxe5 Qxe5 20. Nf3 Qf6 21. Ne1 h6 22. Qd2 Rc7 23. Rc2 Rfc8 24. Rdc1 c4 25. Qb4 Qe6 26. Nf3 Qe4 27. Nd4 f5 28. Qd6 Kh7 29. Qe6 g6 30. bxc4 dxc4 31. Qxe4 Bxe4 32. Rc3 Kg8 33. Ne6 Rc6 34. Nd4 Rc5 35. f3 Bd5 36. Kf2 Rb8 37. Kg3 Kf7 38. h4 Kf6 39. Kf4 Rb2 40. R1c2 Rb1 41. e4 g5+ 42. hxg5+ hxg5+ 43. Ke3 f4+ 44. Kf2 Bf7 45. g3 Rc8 46. gxf4 gxf4 47. Rc1 Rcb8 48. Rxb1 Rxb1 49. Kg2 Ke5 50. Nc6+ Kd6 51. Nd4 Rb2+ 52. Rc2 Rxc2+ 53. Nxc2 Kc5 54. Kh3 c3 55. Kg4 Bb3 56. Ne1 Kc4 57. Kxf4 c2 58. Nxc2 Bxc2 59. Ke3 Kb3 60. f4 Kxa3 61. f5 Kb2 62. Kf4 a5 63. f6 Bb3 64. e5 a4 65. Kf5 a3 66. Kg6 a2 67. e6 a1Q 68. e7 Qg1+ 69. Kh7 Bf7 0-1